Golden Bulls and Chartas European Medieval Documents of Liberties /

Elmentve itt :
Bibliográfiai részletek
Szerző: Balogh Elemér
Dokumentumtípus: Könyv
Megjelent: Ferenc Mádl Institute of Comparative Law Budapest 2023
Tárgyszavak:
doi:10.47079/2023.eb.gbac.1

mtmt:33707204
Online Access:http://publicatio.bibl.u-szeged.hu/26770
LEADER 00706nam a2200193 i 4500
001 publ26770
005 20230321113129.0
008 230321s2023 hu o 0|| Angol d
020 |a 9786156356246; 9786156356253 
024 7 |a 10.47079/2023.eb.gbac.1  |2 doi 
024 7 |a 33707204  |2 mtmt 
040 |a SZTE Publicatio Repozitórium  |b hun 
041 |a Angol 
100 1 |a Balogh Elemér 
245 1 0 |a Golden Bulls and Chartas   |h [elektronikus dokumentum] :  |b European Medieval Documents of Liberties /  |c  Balogh Elemér 
260 |a Ferenc Mádl Institute of Comparative Law  |b Budapest  |c 2023 
300 |a 244 
650 4 |a Jogtudomány 
856 4 0 |u http://publicatio.bibl.u-szeged.hu/26770/1/Balogh_1.pdf  |z Dokumentum-elérés